000
00185 a2200097 4500
020
_a
9781933032016
041
_a
spa
100
_a
KAREN LEVINE
245
_a
LA MALETA DE HANA
942
_c
BK
999
_c
3927
_d
3927